| 000 | 00970cam a2200169 4500500 | ||
|---|---|---|---|
| 005 | 20260111093921.0 | ||
| 041 | _afre | ||
| 042 | _adc | ||
| 100 | 1 | 0 |
_aSuzzoni, Cécilia _eauthor |
| 245 | 0 | 0 | _aMarc Fumaroli |
| 260 | _c2020. | ||
| 500 | _a41 | ||
| 520 | _aComment vivre à hauteur de soi dans le monde moderne ? Marc Fumaroli a trouvé la réponse dans la sociabilité heureuse de la littérature classique, peut-être au détriment de l’appel à résister politiquement dans la langue : une « dissidence discrète ». | ||
| 520 | _aHow can one live at one’s height in the modern world? Marc Fumaroli has found the answer in the happy sociability of classical literature, perhaps to the detriment of the appeal to resist politically within language : a discreet dissidence. | ||
| 786 | 0 | _nEsprit | Décembre | 12 | 2020-11-26 | p. 135-145 | 0014-0759 | |
| 856 | 4 | 1 | _uhttps://shs.cairn.info/revue-esprit-2020-12-page-135?lang=fr&redirect-ssocas=7080 |
| 999 |
_c1627545 _d1627546 |
||